000 00346 a2200097 4500
245 0 0 _aUrządzenie do składania/rozkładania pakietów (PAD) w publicznych - sieciach danych PN-93/T-20503.01 /
_cMin. Łączności.
246 1 3 _aPN-93/T-20503.01
246 1 3 _a681.324
260 _aWarszawa :
_bMin. Łączności,
_c1993.
300 _a12 stron ;
_c30 cm.
650 _aPolska norma
999 _c21495
_d21495